Afrikan suurimmat kaupungit - Statistics

Yleistilastot
  • Tätä visaa on pelattu 192 kertaa
  • Keskiarvotulos 9 / 15
Vastaustilastot
# Suuri kaupunki % Oikein
1 Kairo
96%
4 Johannesburg
80%
10 Nairobi
80%
2 Lagos
75%
11 Kapkaupunki
70%
3 Kinshasa - Brazzaville
70%
15 Addis Abeba
62%
14 Casablanca
54%
6 Khartoum
52%
5 Luanda
52%
7 Dar es Salaam
51%
13 Dakar
46%
9 Alexandria
30%
8 Abidjan
27%
12 Kano
17%
Ehtoja vastaavia visoja ei löytynyt
Tulosjakauma
Jokaisen tuloksen saaneiden osuus
Persentiili vastausten määrän mukaan
Tuloshistoriasi
Et ole pelannut tätä visaa